[Event "Ogolnopolski Turniej Niepelnosprawnych"]
[Site "Rowy"]
[Date "2011.??.??"]
[Round "7.21"]
[White "Opolski, Wojciech"]
[Black "Juraszewski, Mieczyslaw"]
[Result "1-0"]
[WhiteElo "1713"]
[BlackElo "1786"]
[PlyCount "41"]
[EventDate "2011.??.??"]

1. d4 d5 2. c4 c6 3. a4 Nf6 4. Nc3 dxc4 5. e4 Bg4 6. f3 Be6 7. Nge2 g6 8. Nf4
Bc8 9. Bxc4 e6 10. O-O Be7 11. Nfe2 O-O 12. Ng3 Nbd7 13. a5 b6 14. Bd2 Qc7 15.
e5 Ne8 16. Qb3 bxa5 17. Nce4 f5 18. exf6 Ndxf6 19. Bxe6+ Bxe6 20. Qxe6+ Rf7 21.
Ng5 1-0

[Event "Ogolnopolski Turniej Niepelnosprawnych"]
[Site "Rowy"]
[Date "2011.??.??"]
[Round "7.22"]
[White "Jonczyk, Jan"]
[Black "Niezgoda, Boleslaw"]
[Result "1/2-1/2"]
[WhiteElo "1696"]
[BlackElo "1735"]
[PlyCount "60"]
[EventDate "2011.??.??"]

1. d4 c5 2. d5 d6 3. c4 g6 4. Nc3 Bg7 5. Bg5 a6 6. Rc1 Qa5 7. Qd2 Nd7 8. b3 b5
9. Nf3 b4 10. Na4 Nb6 11. Nxb6 Qxb6 12. Qc2 Bf5 13. e4 Bg4 14. Be2 Bd7 15. O-O
a5 16. h3 a4 17. Rfe1 h6 18. Bd2 axb3 19. axb3 Nf6 20. e5 dxe5 21. Nxe5 O-O 22.
Bf3 Ra3 23. Be3 Bf5 24. Qd1 Rd8 25. g4 Bc8 26. Qc2 Nxd5 27. Nxf7 Nxe3 28. Nxh6+
Bxh6 29. fxe3 Qf6 30. Kg2 Rf8 1/2-1/2

[Event "Ogolnopolski Turniej Niepelnosprawnych"]
[Site "Rowy"]
[Date "2011.??.??"]
[Round "7.23"]
[White "Jasinska-Kuzia, Lidia"]
[Black "Ostrowski, Michal"]
[Result "1/2-1/2"]
[WhiteElo "1727"]
[BlackElo "1421"]
[PlyCount "56"]
[EventDate "2011.??.??"]

1. e4 Nc6 2. d4 e5 3. d5 Nce7 4. c4 Ng6 5. Nf3 Bc5 6. Bd3 d6 7. h3 Nf6 8. O-O
O-O 9. Nc3 Re8 10. Na4 Bb6 11. Nxb6 axb6 12. a4 Nh5 13. Bg5 f6 14. Bd2 Nhf4 15.
Bxf4 Nxf4 16. Bc2 Re7 17. Kh2 Qe8 18. Ng1 g5 19. g3 Ng6 20. Qh5 Rg7 21. Ne2 Bd7
22. b3 Ne7 23. Qf3 Qf7 24. g4 Ng6 25. b4 Nf4 26. Nxf4 gxf4 27. b5 Qg6 28. Rg1
Qg5 1/2-1/2

[Event "Ogolnopolski Turniej Niepelnosprawnych"]
[Site "Rowy"]
[Date "2011.??.??"]
[Round "7.25"]
[White "Radwan, Jan"]
[Black "Krawiec, Stanislaw"]
[Result "0-1"]
[WhiteElo "1693"]
[BlackElo "1662"]
[PlyCount "40"]
[EventDate "2011.??.??"]

1. b4 e5 2. Bb2 f6 3. b5 d5 4. e3 Be6 5. h3 Bd6 6. Nf3 Ne7 7. Be2 O-O 8. O-O c5
9. d3 Nd7 10. Nbd2 b6 11. c4 d4 12. exd4 cxd4 13. Re1 h6 14. Bf1 Ng6 15. Nxd4
Re8 16. Nxe6 Rxe6 17. Nf3 Nf4 18. Nh4 Nc5 19. Nf5 Kh7 20. Nxd6 Rxd6 0-1

[Event "Ogolnopolski Turniej Niepelnosprawnych"]
[Site "Rowy"]
[Date "2011.??.??"]
[Round "7.26"]
[White "Olszewski, Jerzy"]
[Black "Budnik, Kazimierz"]
[Result "1-0"]
[WhiteElo "1885"]
[BlackElo "1567"]
[PlyCount "67"]
[EventDate "2011.??.??"]

1. e4 c5 2. g3 Nc6 3. Bg2 e6 4. c4 Nf6 5. Nc3 d6 6. Nge2 Be7 7. O-O O-O 8. d3
a6 9. h3 Bd7 10. g4 Ne5 11. Ng3 Bc6 12. b3 b5 13. f4 Ng6 14. Bb2 Nh4 15. Bh1 b4
16. Nce2 d5 17. e5 Ne8 18. d4 Qc7 19. cxd5 Bxd5 20. Bxd5 exd5 21. dxc5 Qc6 22.
Bd4 Bxc5 23. Rc1 Bxd4+ 24. Qxd4 Qb7 25. Nf5 Nxf5 26. gxf5 a5 27. Rc5 Nc7 28.
Rfc1 Nb5 29. Qxd5 Qb6 30. Kf1 Rfd8 31. Rxb5 Qe3 32. Qg2 Qd3 33. Rbc5 Qxf5 34.
Qf3 1-0

[Event "Ogolnopolski Turniej Niepelnosprawnych"]
[Site "Rowy"]
[Date "2011.??.??"]
[Round "7.27"]
[White "Wojtowicz, Mieczyslaw"]
[Black "Kocik, Genowefa"]
[Result "1-0"]
[WhiteElo "1737"]
[BlackElo "1513"]
[PlyCount "90"]
[EventDate "2011.??.??"]

1. d4 Nf6 2. c4 e6 3. Nc3 a6 4. Bg5 Be7 5. e3 h6 6. Bh4 c6 7. Bd3 d5 8. h3 dxc4
9. Bxc4 Nbd7 10. Nf3 Qa5 11. O-O b5 12. Bd3 Nd5 13. Nxd5 Bxh4 14. Nc7+ Qxc7 15.
Nxh4 Nf6 16. Rc1 Bb7 17. b4 O-O 18. Nf3 Nd5 19. a3 Qe7 20. Ne5 Rac8 21. Rc5 Qg5
22. Qg4 Qxg4 23. Nxg4 f5 24. Ne5 Nb6 25. Ng6 Rfe8 26. Ne5 Na4 27. Rc2 Nb6 28.
Rfc1 Rc7 29. Be2 Rec8 30. Bf3 Nd5 31. Nd3 Kf7 32. Nc5 Ne7 33. h4 g6 34. g4 Nd5
35. Nxb7 Rxb7 36. Bxd5 exd5 37. Rxc6 Rxc6 38. Rxc6 fxg4 39. h5 gxh5 40. Rxh6
Rb8 41. Rxh5 Rg8 42. Rxd5 Rg6 43. Kg2 Rc6 44. Kg3 Rc7 45. Kxg4 Re7 1-0

[Event "Ogolnopolski Turniej Niepelnosprawnych"]
[Site "Rowy"]
[Date "2011.??.??"]
[Round "7.29"]
[White "Przybylak, Gabriela"]
[Black "Sarnowski, Ryszard"]
[Result "0-1"]
[WhiteElo "1419"]
[BlackElo "1583"]
[PlyCount "44"]
[EventDate "2011.??.??"]

1. d4 c6 2. Nf3 d5 3. Bf4 Nf6 4. Nbd2 b5 5. Nb3 Nbd7 6. Qc1 a5 7. e3 Nh5 8. Be2
Nxf4 9. exf4 a4 10. Nbd2 Nf6 11. Ne5 Bb7 12. O-O e6 13. c3 g6 14. Nd3 Qb6 15.
g3 Rc8 16. Nf3 Nd7 17. Nfe5 Nb8 18. a3 Na6 19. Nb4 c5 20. Nc2 cxd4 21. cxd4 b4
22. Qe3 Rxc2 0-1

[Event "Ogolnopolski Turniej Niepelnosprawnych"]
[Site "Rowy"]
[Date "2011.??.??"]
[Round "8.2"]
[White "Matuszczyk, Krystian"]
[Black "Koper, Ireneusz"]
[Result "1/2-1/2"]
[WhiteElo "2046"]
[BlackElo "2030"]
[PlyCount "117"]
[EventDate "2011.??.??"]

1. d4 Nf6 2. c4 g6 3. Nc3 d5 4. e3 Bg7 5. Nf3 O-O 6. h3 c5 7. cxd5 Nxd5 8. Be2
Nc6 9. a3 cxd4 10. exd4 b6 11. O-O Bb7 12. Bg5 Rc8 13. Rc1 h6 14. Bd2 Kh7 15.
Nxd5 Qxd5 16. Bc4 Qd6 17. d5 Ne5 18. Nxe5 Bxe5 19. Qb3 Rfd8 20. Be3 Bxd5 21.
Bxd5 Rxc1 22. Rxc1 Qxd5 23. Qxd5 Rxd5 24. b3 Rd7 25. g4 Bb2 26. Rb1 Bxa3 27. b4
Rc7 28. Kg2 Rc4 29. Ra1 Bxb4 30. Rxa7 Rc6 31. Rb7 Bc5 32. Bxc5 bxc5 33. Rxe7
Kg7 34. Re3 c4 35. Rc3 Kf6 36. Kf3 Ke5 37. Ke3 Kd5 38. Kd2 Kd4 39. Rf3 c3+ 40.
Kc2 f6 41. Re3 f5 42. gxf5 gxf5 43. Re8 Ra6 44. Rd8+ Ke4 45. Kxc3 Ra3+ 46. Kd2
Rxh3 47. Ke2 h5 48. Ra8 h4 49. Ra4+ Ke5 50. Kf1 f4 51. Kg2 Rd3 52. Ra8 h3+ 53.
Kh2 Ke4 54. Rh8 Rf3 55. Kg1 Rb3 56. Kh2 Rb2 57. Rxh3 Rxf2+ 58. Kg1 Ra2 59. Rb3
1/2-1/2

[Event "Ogolnopolski Turniej Niepelnosprawnych"]
[Site "Rowy"]
[Date "2011.??.??"]
[Round "8.3"]
[White "Staruch, Roman"]
[Black "Kiedrowicz, Jan"]
[Result "0-1"]
[WhiteElo "1957"]
[BlackElo "2301"]
[PlyCount "51"]
[EventDate "2011.??.??"]

1. e4 b6 2. d4 Bb7 3. Nc3 e6 4. Nf3 Bb4 5. Bd3 Nf6 6. e5 Ne4 7. Bd2 Nxd2 8.
Qxd2 c5 9. a3 cxd4 10. axb4 dxc3 11. bxc3 Qc7 12. O-O O-O 13. Rfe1 Bxf3 14.
gxf3 Nc6 15. Qg5 f6 16. Qh4 h6 17. exf6 Rxf6 18. Qe4 Raf8 19. Qh7+ Kf7 20. Be4
Ne5 21. Re3 Qb8 22. Bd3 Ng6 23. Bxg6+ Rxg6+ 24. Kf1 Rh8 25. Qxh8 Qxh8 26. Rxa7
0-1

[Event "Ogolnopolski Turniej Niepelnosprawnych"]
[Site "Rowy"]
[Date "2011.??.??"]
[Round "8.4"]
[White "Wojcieszyn, Jacenty"]
[Black "Rogalski, Krzysztof"]
[Result "1-0"]
[WhiteElo "2252"]
[BlackElo "1846"]
[PlyCount "51"]
[EventDate "2011.??.??"]

1. d4 Nf6 2. Nf3 e6 3. c4 b6 4. g3 Bb7 5. Bg2 c5 6. d5 exd5 7. Nh4 d6 8. Nc3 g6
9. O-O Bg7 10. cxd5 O-O 11. e4 Nbd7 12. Re1 Ne8 13. f4 Rb8 14. Nf3 Nc7 15. a4
a6 16. e5 dxe5 17. fxe5 Re8 18. Bf4 Rc8 19. Bh3 Ra8 20. e6 fxe6 21. dxe6 Bxf3
22. Qxf3 Bd4+ 23. Kh1 Nf6 24. e7 Rxe7 25. Rxe7 Qxe7 26. Bxc7 1-0

[Event "Ogolnopolski Turniej Niepelnosprawnych"]
[Site "Rowy"]
[Date "2011.??.??"]
[Round "8.6"]
[White "Pioch, Zygmunt"]
[Black "Czech, Mieczyslaw"]
[Result "1-0"]
[WhiteElo "2123"]
[BlackElo "1967"]
[PlyCount "62"]
[EventDate "2011.??.??"]

1. e4 c5 2. Nf3 d6 3. d4 cxd4 4. Nxd4 Nf6 5. Nc3 a6 6. Bg5 e6 7. f4 Be7 8. Qf3
Qc7 9. O-O-O Nbd7 10. g4 b5 11. Bxf6 Nxf6 12. a3 Bb7 13. g5 Nd7 14. h4 Nb6 15.
Bh3 d5 16. e5 g6 17. h5 O-O-O 18. Rd3 Kb8 19. Qd1 Qd7 20. Bg4 Rc8 21. Rdh3 Rhf8
22. Kb1 Nc4 23. Nce2 Na5 24. R1h2 Nc6 25. Nxc6+ Qxc6 26. Nd4 Qb6 27. Be2 Rc7
28. b4 Rfc8 29. Kb2 Bc6 30. c3 Bd7 31. hxg6 hxg6 1-0

[Event "Ogolnopolski Turniej Niepelnosprawnych"]
[Site "Rowy"]
[Date "2011.??.??"]
[Round "8.7"]
[White "Solek, Zenon"]
[Black "Nadolinski, Roman"]
[Result "1-0"]
[WhiteElo "1883"]
[BlackElo "1992"]
[PlyCount "79"]
[EventDate "2011.??.??"]

1. e4 c6 2. d4 d5 3. Nd2 e6 4. c3 Nf6 5. e5 Nfd7 6. Bd3 c5 7. Ne2 Nc6 8. O-O
cxd4 9. cxd4 Be7 10. Nf3 h6 11. a3 Nb6 12. Re1 Bd7 13. b3 Rc8 14. h3 Na8 15.
Bd2 Nb6 16. Qb1 Bg5 17. Qb2 Bxd2 18. Qxd2 Na8 19. Reb1 Qb6 20. b4 Qd8 21. Rc1
Ne7 22. Rxc8 Nxc8 23. a4 a6 24. Nc3 Nab6 25. a5 Nc4 26. Bxc4 dxc4 27. d5 O-O
28. Rd1 Qe8 29. Qd4 Qe7 30. d6 Qe8 31. Qxc4 Na7 32. Qc7 Qc8 33. Ne4 Nc6 34. Qb6
Nb8 35. Nc5 Bc6 36. Nd4 Bd5 37. Nf5 exf5 38. Rxd5 Nd7 39. Qxb7 Nxc5 40. Qxc8
1-0

[Event "Ogolnopolski Turniej Niepelnosprawnych"]
[Site "Rowy"]
[Date "2011.??.??"]
[Round "8.8"]
[White "Borowski, Jaroslaw"]
[Black "Pipala, Janusz"]
[Result "1-0"]
[WhiteElo "1982"]
[BlackElo "1935"]
[PlyCount "119"]
[EventDate "2011.??.??"]

1. d4 d5 2. c4 c6 3. Nc3 e6 4. Nf3 Nf6 5. cxd5 exd5 6. Bg5 Be7 7. Qc2 Na6 8. e3
Nb4 9. Qb1 g6 10. Bd3 Nxd3+ 11. Qxd3 Bf5 12. Qe2 h6 13. Bf4 Nd7 14. h4 Qa5 15.
Rc1 Bg4 16. Qd2 Bxf3 17. gxf3 Nf6 18. Ke2 Nh5 19. Bg3 Nxg3+ 20. fxg3 h5 21. a3
Bd6 22. f4 Qd8 23. Nd1 Qe7 24. Nf2 O-O-O 25. Nd3 Qe4 26. Nf2 $11 26... Qe6 27.
Rce1 Kb8 28. b4 Rde8 29. Kd3 Re7 30. Kc3 Rhe8 31. Rhg1 Qf5 32. Qd3 Qf6 33. Kd2
Re6 34. Re2 a5 35. Qb3 axb4 36. axb4 Qe7 37. Rb1 f6 38. Nh3 Re4 39. Qc3 Qd7 40.
Nf2 R4e6 41. Nd3 b6 42. Rbe1 g5 43. hxg5 fxg5 44. Ne5 Bxe5 45. dxe5 R6e7 46.
Ra1 Rd8 47. Qa3 Qb7 48. Ke1 d4 49. Rd2 c5 50. exd4 cxd4 51. Kf2 gxf4 52. gxf4
Rg7 53. Qf3 Rd5 54. Rda2 Rgd7 55. e6 Rd8 56. Ra8+ Qxa8 57. Rxa8+ Kxa8 58. e7
Kb8 59. Qxd5 Rxd5 60. e8=Q+ 1-0

[Event "Ogolnopolski Turniej Niepelnosprawnych"]
[Site "Rowy"]
[Date "2011.??.??"]
[Round "8.9"]
[White "Wojcieszyn, Zdzislaw"]
[Black "Dulinski, Stanislaw"]
[Result "1-0"]
[WhiteElo "2020"]
[BlackElo "1831"]
[PlyCount "56"]
[EventDate "2011.??.??"]

1. c4 e5 2. Nc3 c5 3. g3 Nc6 4. Bg2 Nf6 5. e3 d6 6. Nge2 Bg4 7. a3 h6 8. d3 Be7
9. Rb1 O-O 10. b4 cxb4 11. axb4 Rb8 12. b5 Na5 13. Qa4 b6 14. Bd2 Qc7 15. O-O
e4 16. Nf4 exd3 17. Ncd5 Qd8 18. Bxa5 bxa5 19. h3 Nxd5 20. Bxd5 Be2 21. Rfe1
Qd7 22. Qxa5 g5 23. Nxe2 dxe2 24. Kg2 Qf5 25. Qxa7 Bf6 26. e4 Qc8 27. Rxe2 Kh8
28. Ra2 Be7 1-0

[Event "Ogolnopolski Turniej Niepelnosprawnych"]
[Site "Rowy"]
[Date "2011.??.??"]
[Round "8.10"]
[White "Niecko, Stanislaw"]
[Black "Szczepaniec, Stanislaw"]
[Result "0-1"]
[WhiteElo "1856"]
[BlackElo "2075"]
[PlyCount "76"]
[EventDate "2011.??.??"]

1. c4 e5 2. Nc3 Nf6 3. Nf3 Nc6 4. e4 Bb4 5. d3 d6 6. Be2 O-O 7. O-O Nd4 8. Bg5
Nxe2+ 9. Qxe2 c6 10. d4 Qe7 11. d5 h6 12. Bh4 g5 13. Bg3 Nh5 14. a3 Ba5 15. b4
Bc7 16. dxc6 bxc6 17. b5 Bb7 18. bxc6 Bxc6 19. Nd5 Bxd5 20. cxd5 Bb6 21. Nd2
Nf4 22. Bxf4 exf4 23. Qh5 Kg7 24. Nf3 Qxe4 25. Rfe1 Qg6 26. Qxg6+ Kxg6 27. Nd2
Rfe8 28. Nc4 Bc5 29. Kf1 Rxe1+ 30. Rxe1 Rb8 31. Re7 Rb3 32. Rd7 Rd3 33. Nxd6
Rxd5 34. Nxf7 Rxd7 35. Ne5+ Kf5 36. Nxd7 Bxa3 37. Ke2 Ke6 38. Nb8 Kd6 0-1

[Event "Ogolnopolski Turniej Niepelnosprawnych"]
[Site "Rowy"]
[Date "2011.??.??"]
[Round "8.11"]
[White "Zinczuk, Leon"]
[Black "Krasowski, Slawomir"]
[Result "1/2-1/2"]
[WhiteElo "1890"]
[BlackElo "2013"]
[PlyCount "52"]
[EventDate "2011.??.??"]

1. e4 e6 2. d4 d5 3. Nd2 dxe4 4. Nxe4 Nf6 5. Bg5 Be7 6. Bxf6 gxf6 7. Nf3 Bd7 8.
Bd3 Bc6 9. c3 f5 10. Ned2 Nd7 11. Qe2 a6 12. Nc4 b6 13. Nfe5 Nxe5 14. Nxe5 Bxg2
15. Qh5 Rf8 16. Rg1 Bf6 17. Nxf7 Rxf7 18. Rxg2 Ke7 19. O-O-O Qd5 20. Rgg1 Raf8
21. Rge1 Kd7 22. Kb1 b5 23. f4 Qg2 24. d5 exd5 25. Qxf5+ Kc6 26. Qe6+ Kb7
1/2-1/2

[Event "Ogolnopolski Turniej Niepelnosprawnych"]
[Site "Rowy"]
[Date "2011.??.??"]
[Round "8.12"]
[White "Czech, Jan"]
[Black "Cylwik, Zbigniew"]
[Result "0-1"]
[WhiteElo "1851"]
[BlackElo "1986"]
[PlyCount "68"]
[EventDate "2011.??.??"]

1. e4 c5 2. Nf3 e6 3. d4 cxd4 4. Nxd4 a6 5. Nc3 b5 6. a3 Bb7 7. Bd3 d6 8. O-O
Nd7 9. Be3 Ngf6 10. f4 Be7 11. g4 Nc5 12. Qf3 O-O 13. b4 Nxd3 14. cxd3 g6 15.
h4 e5 16. Nde2 exf4 17. Bxf4 Qd7 18. Bh6 Rfe8 19. g5 Qg4+ 20. Qg3 Qxg3+ 21.
Nxg3 Ng4 22. h5 Nxh6 23. gxh6 Bg5 24. Rf3 Bxh6 25. Raf1 Re7 26. Nge2 f5 27.
hxg6 hxg6 28. Nf4 Kg7 29. Re3 fxe4 30. dxe4 Bxf4 31. Rxf4 Rf8 32. Rg4 Kh6 33.
Kg2 g5 34. Kg1 Bc8 0-1

[Event "Ogolnopolski Turniej Niepelnosprawnych"]
[Site "Rowy"]
[Date "2011.??.??"]
[Round "8.13"]
[White "Krawcewicz, Lucyna"]
[Black "Najdzionek, Boleslaw"]
[Result "1/2-1/2"]
[WhiteElo "1963"]
[BlackElo "1871"]
[PlyCount "77"]
[EventDate "2011.??.??"]

1. d4 d5 2. Nf3 Nf6 3. c4 e6 4. Nc3 c6 5. e3 g6 6. Bd3 Bg7 7. O-O Nbd7 8. Re1
O-O 9. e4 dxe4 10. Bxe4 Nxe4 11. Nxe4 Nb6 12. b3 a5 13. Ba3 Re8 14. Nd6 Bf8 15.
c5 Bxd6 16. cxd6 Nd5 17. Ne5 f6 18. Nd3 b6 19. Rc1 Bb7 20. Re2 Qd7 21. Rec2
Rac8 22. Qd2 Ba6 23. Nf4 Kg7 24. Re1 Bb5 25. h4 a4 26. Rb2 axb3 27. Rxb3 Ra8
28. Nxd5 exd5 29. Rbe3 Rxe3 30. Qxe3 Qf7 31. Bb4 Rxa2 32. Qe7 Ra7 33. Qd8 Rd7
34. Qxb6 Qf8 35. Bc5 Kf7 36. Qa5 Bd3 37. Qa3 Bb5 38. Qe3 Qd8 39. Qe6+ 1/2-1/2

[Event "Ogolnopolski Turniej Niepelnosprawnych"]
[Site "Rowy"]
[Date "2011.??.??"]
[Round "8.14"]
[White "Salamon, Jan"]
[Black "Tuszynski, Edmund"]
[Result "1/2-1/2"]
[WhiteElo "1823"]
[BlackElo "1947"]
[PlyCount "63"]
[EventDate "2011.??.??"]

1. d4 d5 2. Nf3 Nf6 3. c4 e6 4. Bg5 Be7 5. Nc3 c6 6. e3 Nbd7 7. Bd3 O-O 8. O-O
dxc4 9. Bxc4 Nd5 10. Bxe7 Qxe7 11. Rc1 Nxc3 12. bxc3 e5 13. Bb3 e4 14. Nd2 Nf6
15. Bc2 Bf5 16. Bb1 h6 17. h3 Nh7 18. Qc2 Rae8 19. c4 Qg5 20. Kh2 Bg6 21. Qb2
Re7 22. Qa3 f5 23. Qxa7 f4 24. exf4 Rxf4 25. Qb8+ Re8 26. Qxb7 Ref8 27. Qxc6
Rxf2 28. Rxf2 Rxf2 29. Qc8+ Nf8 30. Qg4 Qxg4 31. hxg4 Rxd2 32. c5 1/2-1/2

[Event "Ogolnopolski Turniej Niepelnosprawnych"]
[Site "Rowy"]
[Date "2011.??.??"]
[Round "8.15"]
[White "Czymbor, Ryszard"]
[Black "Wroblewski, Mieczyslaw"]
[Result "0-1"]
[WhiteElo "1836"]
[BlackElo "1791"]
[PlyCount "34"]
[EventDate "2011.??.??"]

1. d4 Nf6 2. e3 e6 3. a3 b6 4. c4 d5 5. Nf3 c5 6. dxc5 Bxc5 7. b4 Be7 8. Bb2
O-O 9. Nc3 Bb7 10. Be2 Qc7 11. cxd5 Nxd5 12. Rc1 Qd7 13. O-O Bf6 14. Na4 Bc6
15. Bxf6 Bxa4 16. Qd4 Nxf6 17. Qxd7 Nbxd7 0-1

[Event "Ogolnopolski Turniej Niepelnosprawnych"]
[Site "Rowy"]
[Date "2011.??.??"]
[Round "8.16"]
[White "Zawada, Andrzej"]
[Black "Szydlowski, Wiktor"]
[Result "1/2-1/2"]
[WhiteElo "1714"]
[BlackElo "1814"]
[PlyCount "133"]
[EventDate "2011.??.??"]

1. e4 e5 2. Nf3 Nc6 3. Nc3 Nf6 4. Bb5 Bc5 5. Bxc6 dxc6 6. Nxe5 Bxf2+ 7. Kxf2
Qd4+ 8. Kf1 Qxe5 9. d3 O-O 10. Qf3 Bg4 11. Qf4 Qh5 12. Be3 b5 13. a3 Qg6 14.
Qxc7 Be6 15. Qg3 Ng4 16. h3 Nxe3+ 17. Qxe3 f5 18. e5 a5 19. Kf2 f4 20. Qf3 Rac8
21. Rhf1 Qg5 22. Rae1 Rf5 23. Kg1 Qe7 24. d4 b4 25. Ne4 Bd5 26. Qd3 Rcf8 27. c4
bxc3 28. Nxc3 Be6 29. Rf3 g5 30. Ne4 R5f7 31. Nf6+ Kh8 32. Rc1 Bd5 33. Nxd5
cxd5 34. Rc5 Qe6 35. Rxa5 Qb6 36. b4 Rd8 37. Rf2 Re7 38. Rc2 Rxe5 39. Ra6 Re3
40. Qxh7+ Kxh7 41. Rxb6 Rxa3 42. Rc7+ Kh8 43. Rh6+ Kg8 44. Rch7 Rf8 45. Rh8+
Kg7 46. Rxf8 Kxh6 47. Rf5 Ra1+ 48. Kh2 Rb1 49. Rxd5 Rxb4 50. Rd8 Rb2 51. d5 f3
52. Kg3 fxg2 53. Kh2 Rd2 54. d6 Kg7 55. Kg1 Kf7 56. Kh2 Ke6 57. Re8+ Kd7 58.
Rg8 Rxd6 59. Rxg5 Rd2 60. h4 Ke6 61. h5 Kf6 62. Rg6+ Kf7 63. Rg3 Rd5 64. Rh3
Rg5 65. Kg1 Kg8 66. h6 Kh7 67. Rh2 1/2-1/2

[Event "Ogolnopolski Turniej Niepelnosprawnych"]
[Site "Rowy"]
[Date "2011.??.??"]
[Round "8.17"]
[White "Opolski, Wojciech"]
[Black "Prokopczuk, Antoni"]
[Result "0-1"]
[WhiteElo "1713"]
[BlackElo "1753"]
[PlyCount "46"]
[EventDate "2011.??.??"]

1. d4 Nf6 2. c4 g6 3. Bg5 Bg7 4. Nf3 d5 5. e3 c6 6. Nc3 h6 7. Bh4 g5 8. Bg3 Qa5
9. Qd2 Bf5 10. Rc1 Nbd7 11. cxd5 Nxd5 12. Nxd5 Qxd5 13. Qb4 Nb6 14. a4 Bc8 15.
Bd3 Qd8 16. e4 O-O 17. O-O Bg4 18. Be2 Bxf3 19. Bxf3 Bxd4 20. a5 c5 21. Qb3 Nc8
22. Qxb7 Nd6 23. Qd5 Qxa5 0-1

[Event "Ogolnopolski Turniej Niepelnosprawnych"]
[Site "Rowy"]
[Date "2011.??.??"]
[Round "8.18"]
[White "Borkowski, Jozef"]
[Black "Ben, Jaroslaw"]
[Result "1-0"]
[WhiteElo "1740"]
[BlackElo "1719"]
[PlyCount "81"]
[EventDate "2011.??.??"]

1. e4 d5 2. Nf3 Bg4 3. Qe2 d4 4. Qb5+ Nd7 5. Qxb7 Ngf6 6. Nxd4 c5 7. Nc6 Qc8 8.
Qxc8+ Rxc8 9. Nxa7 Ra8 10. Nb5 Rc8 11. c4 Bh5 12. d3 e6 13. Bf4 e5 14. Bd2 Be7
15. f3 O-O 16. h4 h6 17. g4 Bg6 18. g5 hxg5 19. hxg5 Nh7 20. Rg1 Nb8 21. N1c3
Nc6 22. Nd5 Bd8 23. Bh3 Rb8 24. b3 Bh5 25. Rg3 f6 26. gxf6 Nxf6 27. Bh6 Nxd5
28. cxd5 Nb4 29. Rxg7+ Kh8 30. Kd2 Rxb5 31. Rd7 Rxf3 32. Rxd8+ Kh7 33. Bf1 Kxh6
34. Be2 Rf2 35. Rh8+ Kg6 36. Rg1+ Kf7 37. Rxh5 Nxa2 38. Ke3 Rf6 39. Bd1 Nc1 40.
Rxe5 Nxb3 41. Bh5+ 1-0

[Event "Ogolnopolski Turniej Niepelnosprawnych"]
[Site "Rowy"]
[Date "2011.??.??"]
[Round "8.19"]
[White "Zatylny, Jan"]
[Black "Grabarczyk, Edmund"]
[Result "1-0"]
[WhiteElo "1696"]
[BlackElo "1539"]
[PlyCount "68"]
[EventDate "2011.??.??"]

1. d4 d5 2. c4 e6 3. e3 Nf6 4. a3 b6 5. Nf3 g6 6. Be2 Bg7 7. O-O O-O 8. Ne5 c5
9. dxc5 bxc5 10. f4 Bb7 11. b3 d4 12. exd4 cxd4 13. Bb2 Nfd7 14. Bxd4 f6 15.
Nxd7 Nxd7 16. Bb2 Qc7 17. Bf3 e5 18. Bxb7 Qxb7 19. fxe5 Nxe5 20. Bxe5 fxe5 21.
Rxf8+ Rxf8 22. Nc3 e4 23. Rc1 Kh8 24. Nd5 Qc6 25. Rc2 Qc5+ 26. Kh1 Qxa3 27. Re2
Qc5 28. Rxe4 Qf2 29. h3 h5 30. Ne7 Kh7 31. Re6 Rf6 32. Rxf6 Bxf6 33. Nd5 Be5
34. Qg1 Qg3 1-0

[Event "Ogolnopolski Turniej Niepelnosprawnych"]
[Site "Rowy"]
[Date "2011.??.??"]
[Round "8.20"]
[White "Wodas, Pawel"]
[Black "Jasinska-Kuzia, Lidia"]
[Result "1-0"]
[WhiteElo "1955"]
[BlackElo "1727"]
[PlyCount "37"]
[EventDate "2011.??.??"]

1. e4 c5 2. Nf3 Nc6 3. d4 cxd4 4. Nxd4 Nf6 5. Nc3 e6 6. Ndb5 Bb4 7. Nd6+ Bxd6
8. Qxd6 Qe7 9. Qg3 Nh5 10. Qf3 g6 11. Be2 Nd4 12. Qd3 Nxe2 13. Qxe2 O-O 14. Bh6
Ng7 15. O-O-O Qh4 16. Qd2 b6 17. f3 Qh5 18. h4 f5 19. Ne2 1-0

[Event "Ogolnopolski Turniej Niepelnosprawnych"]
[Site "Rowy"]
[Date "2011.??.??"]
[Round "8.21"]
[White "Niezgoda, Boleslaw"]
[Black "Olszewski, Jerzy"]
[Result "0-1"]
[WhiteElo "1735"]
[BlackElo "1885"]
[PlyCount "38"]
[EventDate "2011.??.??"]

1. e4 e5 2. Nf3 Nc6 3. Bc4 Bc5 4. O-O d6 5. c3 Nf6 6. d4 exd4 7. cxd4 Bb6 8.
Bg5 h6 9. Bxf6 Qxf6 10. e5 dxe5 11. dxe5 Qe7 12. Re1 Be6 13. Bxe6 Qxe6 14. Nc3
Rd8 15. Qa4 O-O 16. Ne2 Nxe5 17. Nfd4 Qf6 18. Rf1 Bxd4 19. Nxd4 Rxd4 0-1

[Event "Ogolnopolski Turniej Niepelnosprawnych"]
[Site "Rowy"]
[Date "2011.??.??"]
[Round "8.22"]
[White "Sarnowski, Ryszard"]
[Black "Jackowski, Ryszard"]
[Result "1/2-1/2"]
[WhiteElo "1583"]
[BlackElo "1820"]
[PlyCount "76"]
[EventDate "2011.??.??"]

1. e4 g6 2. d4 d6 3. Nf3 Bg7 4. Be3 Nf6 5. Nbd2 O-O 6. h3 Nbd7 7. Rb1 c6 8. Be2
e5 9. c3 Re8 10. dxe5 Nxe5 11. Nxe5 dxe5 12. Qc2 Be6 13. b3 Qc7 14. O-O b6 15.
c4 Rad8 16. Rbd1 Nd7 17. f4 exf4 18. Bxf4 Be5 19. Bxe5 Qxe5 20. Nf3 Qc5+ 21.
Kh1 Ne5 22. b4 Qxb4 23. Nxe5 Qc5 24. Nf3 Qe3 25. Rxd8 Rxd8 26. Rd1 Re8 27. Ne5
Qc5 28. Ng4 Bxg4 29. Bxg4 h5 30. Bf3 Qe5 31. Qd3 c5 32. Qd5 Kf8 33. Qxe5 Rxe5
34. Rd7 Re7 35. Rxe7 Kxe7 36. h4 Kd6 37. g4 hxg4 38. Bxg4 Ke5 1/2-1/2

[Event "Ogolnopolski Turniej Niepelnosprawnych"]
[Site "Rowy"]
[Date "2011.??.??"]
[Round "8.23"]
[White "Janocha, Jan"]
[Black "Jonczyk, Jan"]
[Result "1-0"]
[WhiteElo "1781"]
[BlackElo "1696"]
[PlyCount "81"]
[EventDate "2011.??.??"]

1. f4 c6 2. Nf3 d5 3. d4 Bf5 4. e3 e6 5. c4 Bb4+ 6. Nc3 Nf6 7. Qb3 Bxc3+ 8.
bxc3 Qb6 9. Qa3 Nbd7 10. Be2 Ne4 11. c5 Qc7 12. O-O O-O 13. Ne5 f6 14. Nf3 b6
15. cxb6 axb6 16. Qb3 Rfc8 17. Nh4 Qd6 18. a4 c5 19. Bf3 cxd4 20. Nxf5 exf5 21.
Bxe4 fxe4 22. cxd4 Qc6 23. Bd2 Qc4 24. Qa3 Qe2 25. Rf2 Qa6 26. Qd6 Qb7 27. Bb4
Qc6 28. Qxc6 Rxc6 29. h3 f5 30. Rb2 Kf7 31. Kf1 Rcc8 32. a5 bxa5 33. Rxa5 Rxa5
34. Bxa5 Rc1+ 35. Kf2 Rc6 36. Rb7 Ke6 37. Bd2 Rb6 38. Ra7 h6 39. g4 g6 40. Ra8
Rb8 41. Ra2 1-0

[Event "Ogolnopolski Turniej Niepelnosprawnych"]
[Site "Rowy"]
[Date "2011.??.??"]
[Round "8.24"]
[White "Krawiec, Stanislaw"]
[Black "Strojek, Kazimierz"]
[Result "0-1"]
[WhiteElo "1662"]
[BlackElo "1775"]
[PlyCount "68"]
[EventDate "2011.??.??"]

1. e4 e6 2. d4 d5 3. e5 Ne7 4. Nf3 Nd7 5. Bd3 c5 6. c3 Nc6 7. Bb5 Qb6 8. Bxc6
bxc6 9. O-O Be7 10. b3 a5 11. Be3 cxd4 12. cxd4 c5 13. Re1 Ba6 14. Nc3 c4 15.
Na4 Qa7 16. Bd2 Bb5 17. Nc3 Ba6 18. Qc2 O-O 19. Re3 Rfc8 20. h4 Rc7 21. g3 Rac8
22. Kg2 Nb6 23. Rh1 cxb3 24. axb3 a4 25. Ng5 g6 26. Rf3 axb3 27. Qxb3 Nc4 28.
Be3 Nxe3+ 29. Rxe3 Qxd4 30. Ne2 Bxe2 31. Rxe2 h5 32. Qf3 Bxg5 33. hxg5 Qg4 34.
Qxg4 hxg4 0-1

[Event "Ogolnopolski Turniej Niepelnosprawnych"]
[Site "Rowy"]
[Date "2011.??.??"]
[Round "8.25"]
[White "Ostrowski, Michal"]
[Black "Wojtowicz, Mieczyslaw"]
[Result "0-1"]
[WhiteElo "1421"]
[BlackElo "1737"]
[PlyCount "58"]
[EventDate "2011.??.??"]

1. Nc3 c6 2. d4 d5 3. e4 dxe4 4. Nxe4 Bf5 5. Ng3 Bg6 6. Nf3 h6 7. Bd3 Bxd3 8.
Qxd3 Nf6 9. O-O e6 10. c4 Be7 11. a3 O-O 12. b4 a5 13. Bd2 axb4 14. axb4 Rxa1
15. Rxa1 Na6 16. Rb1 c5 17. b5 Nb4 18. Bxb4 cxb4 19. Ne4 Qa5 20. c5 Nd5 21. g3
Rd8 22. Qc4 Qa3 23. Rb3 Qa1+ 24. Kg2 Qa2 25. Rxb4 Ne3+ 26. Kh3 Nxc4 27. b6 f5
28. Nc3 Qxf2 29. Ne5 Qf1# 0-1